Транзакционные издержки корпорации: учет и отчетность (Запись № 12820509)

Подробности
000 -МАРКЕР
контрольное поле 03080nam0a2200373 4500
001 - ИДЕНТИФИКАТОР ЗАПИСИ
контрольное поле RU\NLR\BIBL_A\012682626
005 - ИДЕНТИФИКАТОР ВЕРСИИ
контрольное поле 20220131145811.0
010 ## - МЕЖДУНАРОДНЫЙ СТАНДАРТНЫЙ НОМЕР КНИГИ (ISBN)
Номер (ISBN) 978-5-907460-11-9
Тираж 200
021 ## - НОМЕР ГОСУДАРСТВЕННОЙ РЕГИСТРАЦИИ
Код страны Российская Федерация
Номер КН-П-21-062280
Номер Листа государственной регистраци КН-П-21-4877
035 ## - ДРУГИЕ СИСТЕМНЫЕ НОМЕРА
Идентификатор записи (NLR Aleph) 012682626
035 ## - ДРУГИЕ СИСТЕМНЫЕ НОМЕРА
Идентификатор записи (RuMoRGB)010797618
100 ## - ДАННЫЕ ОБЩЕЙ ОБРАБОТКИ
Данные общей обработки 20220113d2021 k y0rusy50 ca
101 0# - ЯЗЫК РЕСУРСА
Язык текста, звукозаписи и т.д. русский
102 ## - СТРАНА ПУБЛИКАЦИИ ИЛИ ПРОИЗВОДСТВА
Страна публикации Российская Федерация
105 ## - ПОЛЕ КОДИРОВАННЫХ ДАННЫХ: ТЕКСТОВЫЕ МАТЕРИАЛЫ, МОНОГРАФИЧЕСКИЕ
Кодированные данные о монографическом текстовом документе a|||z|||000zy
181 #0 - ПОЛЕ КОДИРОВАННЫХ ДАННЫХ: ВИД СОДЕРЖАНИЯ
Код вида содержания (ISBD) i
Код характеристики содержания (ISBD) axxe
182 #1 - ПОЛЕ КОДИРОВАННЫХ ДАННЫХ: ТИП СРЕДСТВА
Код типа средства (ISBD) n - непосредственное
200 1# - ЗАГЛАВИЕ И СВЕДЕНИЯ ОБ ОТВЕТСТВЕННОСТИ
Основное заглавие Транзакционные издержки корпорации: учет и отчетность
Сведения, относящиеся к заглавию монография
Первые сведения об ответственности Н.Г. Сапожникова, Самаке Камара Кадиату
203 ## - ВИД СОДЕРЖАНИЯ И ТИП СРЕДСТВА
Вид содержания Текст
Дополнительные сведения об издании визуальный
Тип средства непосредственный
210 ## - ПУБЛИКАЦИЯ, РАСПРОСТРАНЕНИЕ И ДР.
Место издания, распространения и т.д. Калуга
Имя издателя, распространителя и т. д. Эйдос
-- Стрельцов И.А.
Дата издания, распространения и т.д. 2021
215 ## - ФИЗИЧЕСКАЯ ХАРАКТЕРИСТИКА
Специфическое обозначение материала и объем 165, [1] с.
Другие сведения о физической характеристике ил., табл.
Размеры 21
320 ## - ПРИМЕЧАНИЯ О НАЛИЧИИ В ДОКУМЕНТЕ БИБЛИОГРАФИИ / УКАЗАТЕЛЯ
Текст примечания Библиогр.: с. 135-151 (199 назв.)
330 ## - РЕЗЮМЕ ИЛИ РЕФЕРАТ
Текст примечания В монографии рассмотрены теоретические и организационно-методические положения и обоснованы практические рекомендации по формированию системы корпоративного учета транзакционных издержек, составлению корпоративной отчетности о транзакционных издержках в целях обеспечения информацией заинтересованные стороны. На основе институционального подхода обоснованы роль и значение транзакционных издержек в экономической деятельности корпораций, как объектов корпоративного учета, разработана типология транзакционных издержек; обоснован состав транзакционных издержек; сформирована система счетов, разработаны учетные регистры, обобщающие издержки; предложен комплекс форм корпоративной отчетности раскрывающих информацию для принятия экономических решений
606 1# - НАИМЕНОВАНИЕ ТЕМЫ КАК ПРЕДМЕТ
Наименование темы Корпорации
Тематический подзаголовок Бухгалтерский учет
-- Отчетность
Географический подзаголовок Российская Федерация
Системный номер авторитетной/нормативной записи 2143058
Идентификатор авторитетной/нормативной записи RU\NLR\AUTH\661596032
610 0# - НЕКОНТРОЛИРУЕМЫЕ ПРЕДМЕТНЫЕ ТЕРМИНЫ
Предметный термин трансакционные издержки, бухгалтерский учет
686 1# - ИНДЕКСЫ ДРУГИХ КЛАССИФИКАЦИЙ
Индекс У052.9(2)229-15(2Р)
700 #1 - ИМЯ ЛИЦА - ПЕРВИЧНАЯ ОТВЕТСТВЕННОСТЬ
Начальный элемент ввода Сапожникова
Часть имени, кроме начального элемента ввода Н. Г.
Дополнения к именам, кроме дат д-р экон. наук
Расширение инициалов личного имени Наталья Глебовна
Системный номер авторитетной/нормативной записи 137503
Идентификатор авторитетной/нормативной записи RU\NLR\AUTH\770137538
701 #0 - ИМЯ ЛИЦА - АЛЬТЕРНАТИВНАЯ ОТВЕТСТВЕННОСТЬ
Организация и экземпляр, к которому относится поле z
Графика поля Кириллица
Материалы, к которым относится поле rus
Начальный элемент ввода Самаке Камара Кадиату
Системный номер авторитетной/нормативной записи 238535
Идентификатор авторитетной/нормативной записи RU\NLR\AUTH\770238591
942 ## - ДОПОЛНИТЕЛЬНЫЕ ЭЛЕМЕНТЫ ЗАПИСИ (АБИС)
Тип экземпляра АБИС Книга
980 ## - КОЛЛЕКЦИЯ
Название коллекции Национальная библиография
Экземпляры
Тип экземпляра Дата поступления Источник поступления Библиотека постоянного хранения Библиотека текущего хранения Место хранения Шифр хранения Штрих-код Статус экземпляра
Книга 13.01.2022 Обязательный экземпляр РНБ (Московский) РНБ (Московский) Русский книжный фонд: издания с 1957 года 2022-3/441 1-3625529  
Книга 13.01.2022 Обязательный экземпляр РНБ (Московский) РНБ (Московский) Русский книжный фонд: издания с 1957 года 2022-3/441 1-3625525